Sociologie průmyslového podniku

Guardado en:
Detalles Bibliográficos
Autor principal: Tomšík, Miloslav
Formato: Libro
Lenguaje:checo
Publicado: Praha Institut pro výchovu vedoucích pracovníků MP ČSR 1986
Etiquetas: Agregar Etiqueta
Sin Etiquetas, Sea el primero en etiquetar este registro!

MARC

LEADER 00000nam a2200000 4500
001 c027045
005 20251110130847.1
041 0 |a cze 
044 |a CZ 
245 1 0 |a Sociologie průmyslového podniku  |c Miloslav Tomšík 
264 1 |a Praha  |b Institut pro výchovu vedoucích pracovníků MP ČSR  |c 1986 
300 |a 67 s. 
100 1 |a Tomšík, Miloslav